| 000 | 01456nam0a22003251 4500 | ||
|---|---|---|---|
| 001 | RU\NLR\INFOCOMM_223\5000057891 | ||
| 005 | 20250613100938.0 | ||
| 035 | _a(NLR Aleph) 009365789 | ||
| 090 |
_a7890708 _c7890708 |
||
| 100 | _a20101210d1982 |||y0rusy50 ca | ||
| 101 | 0 |
_aeng _drus |
|
| 102 | _aRU | ||
| 105 | _aa ||||000|y | ||
| 200 | 1 |
_aThe possibility of observation of heavy Dirac-Schwinger magnetic pole _fI. F. Ginzburg, S. L. Panfil |
|
| 210 |
_aNovosibirsk _cИн-т автоматики и электрометрии СО АН СССР _d1982 |
||
| 215 |
_a[1], 17 с. _cил. _d20 см |
||
| 225 | 1 |
_aPreprint _fUSSR. Ac. Sci. Siberian branch, Inst. of automation a. electrometry _vN 185 |
|
| 300 | _aВ вып. дан.: О возможности экспериментального обнаружения монополей Дирака-Швингера большой массы / Илья Файфильевич [!] Гинзбург, Семен Леонидович Панфиль | ||
| 300 | _aРез. на рус. яз. | ||
| 320 | _aБиблиогр.: с. 16-17 | ||
| 606 |
_aМонополи Дирака _2nlr_sh1 |
||
| 686 |
_aВ315.4 _2rubbk |
||
| 700 | 1 |
_aGinzburg _bI. F. _gIl'ja Fajzil'evič _4070 |
|
| 701 | 1 |
_9z01790 _aPanfil' _bS. L. _gSemen Leonidovič _4070 |
|
| 790 | 1 |
_9z01701 _aPanfil _bS. L. _4070 |
|
| 801 | 1 |
_aRU _bNLR _c20101210 |
|
| 801 | 0 |
_aRU _bNLR _gPSBO |
|
| 852 |
_aNLR _jФз01 Д-4/2228 |
||
| 942 | _cBOOK | ||
| 980 | _aNB | ||